Statistics for Ostrogothic Kings

Click here to take the quiz!

General Stats

  • This quiz has been taken 22 times
  • The average score is 3 of 11

Answer Stats

ReignKing% Correct
474 - 526Theodoric the Great
90%
541 - 552Totila
50%
526 - 534Athalaric
30%
552 - 553Teias
30%
451 - 474Theodemir
30%
536 - 540Vitiges
30%
447 - 465Valamir
20%
534 - 536Theodahad
10%
451 - 473Vidimir
10%
541Eraric
0%
540 - 541Hildebad
0%

Score Distribution

Percentile by Number Answered

Percent of People with Each Score

Your Score History

You have not taken this quiz